000 00400 a2200121 4500
001 ART_12246
005 20260410161904.0
008 260409a
245 1 0 _aEstimation of some limited dependent variable models with application to housing demand
100 1 _aTrost, R.P.
700 1 _aLee, Lung-Fei
773 0 _tJournal of econometrics
_g- Vol. 8, NÂș 3 (dic. 1978)
_wREV11720
999 _c26207
_d26207